| 000 | 01252ngm a22003610a 4500 | ||
|---|---|---|---|
| 001 | PT14655 | ||
| 003 | AR-LpoUNG | ||
| 005 | 20210201235856.0 | ||
| 007 | vd cvaizq | ||
| 008 | 191001ss.f.||||ag |||||||||||||||||spa d | ||
| 040 |
_aAR-LpoUNG _bspa _cAR-LpoUNG _eaacr |
||
| 041 | _aspa | ||
| 082 | 0 | _a982.064 534cam | |
| 100 | 1 |
_aLejtman, Román _edir. |
|
| 245 | 1 | 0 |
_aCámpora al gobierno : _b49 días de ilusión |
| 260 |
_aBuenos Aires : _bPágina 12, _c[199?]. |
||
| 300 | _aVHS : son., col., PAL | ||
| 520 | _aEste es un video documental que retrata una época caracterizada por las dierencias políticas, la violencia y las buenas intenciones. Un documental que muestra a un presidente apoyada por la gente y sacrificado por su líder, que muere exiliado en México, prácticamente olvidado por aquellos que treinta años atrás compartieron su gobierno. | ||
| 650 | 4 | _aANALISIS HISTORICO | |
| 650 | 4 | _aARGENTINA | |
| 650 | 4 | _aASPECTOS POLITICOS | |
| 650 | 4 | _aAUTORITARISMO | |
| 650 | 4 | _aDEMOCRACIA | |
| 650 | 4 | _aDICTADURA | |
| 650 | 4 | _aFUERZAS ARMADAS | |
| 650 | 4 | _aSISTEMAS POLITICOS | |
| 650 | 4 | _aSOCIEDAD | |
| 653 | _aCINE ARGENTINO | ||
| 653 | _aDOCUMENTALES | ||
| 653 | _aVIDEOS | ||
| 905 | _a14655 | ||
| 942 | _cVIDEO | ||
| 999 |
_c53669 _d53669 |
||